000 00317nam a2200133Ia 4500
005 20251222143215.0
008 251222s9999||||xx |||||||||||||| ||spa||
020 _a0-689-71400-9
082 _a808/R99
100 _aRylant, Cynthia
245 0 _aHenry and Mudge in Puddle Trouble
264 _bAladdin
942 _cLIB
999 _c13614
_d13614